F1 - Tous les pilotes vainqueurs avec Ferrari - Statistiques

Statistiques générales
  • Ce quiz a été pris 234 fois
  • Le résultat moyen est 20 sur 39
Statistiques - réponses
Années chez Ferrari Nationalités Victoires Pilotes % Correct
2019- Monaco 8 Charles Leclerc
99%
1996-2006 Allemagne 72 Michael Schumacher
98%
2015-2020 Allemagne 14 Sebastian Vettel
96%
2007-2009 ; 2014-2018 Finlande 10 Kimi Räikkönen
92%
1990-1991 France 5 Alain Prost
90%
2010-2014 Espagne 11 Fernando Alonso
89%
1974-1977 Autriche 15 Niki Lauda
89%
2021-2024 Espagne 4 Carlos Sainz
88%
2006-2013 Brésil 11 Felipe Massa
86%
1977-1982 Canada 6 Gilles Villeneuve
85%
1950-1954 Italie 13 Alberto Ascari
73%
1956 Argentine 3 Juan Manuel Fangio
72%
1991-1995 France 1 Jean Alesi
66%
2000-2005 Brésil 9 Rubens Barichello
65%
1968, 1970-1973 Belgique 6 Jacky Ickx
56%
1958-1962 Etats-Unis 3 Phil Hill
53%
1989-1990 Royaume-Uni 3 Nigel Mansell
51%
1979-1980 Afrique du Sud 3 Jody Scheckter
50%
1987-1989 ; 1993-1995 Autriche 5 Gerhard Berger
48%
1983-1985 France 3 René Arnoux
43%
1971-1972, 1982 Etats-Unis 1 Mario Andretti
42%
1996-1999 Royaume-Uni 4 Eddie Irvine
41%
1970-1972 ; 1974-1976 Suisse 4 Clay Regazzoni
39%
1953-1955 ;1957-1958 Royaume-Uni 3 Mike Hawthorn
39%
1981-1982 France 2 Didier Pironi
38%
1963-1966 Royaume-Uni 4 John Surtees
37%
1976-1978 Argentine 5 Carlos Reutemann
35%
1984-1988 Italie 3 Michele Alboreto
32%
1951-1952 France 1 Maurice Trintignant
30%
1982-1983 France 2 Patrick Tambay
30%
1956-1961 Allemagne 2 Wolfgang Van Trips
29%
1951, 1954 Argentine 2 José Froilan Gonzalez
20%
1959 Royaume-Uni 2 Tony Brooks
19%
1961-1962 Italie 1 Giancarlo Baghetti
15%
1962-1967 Italie 1 Lorenzo Bandini
15%
1956-1959 Royaume-Uni 3 Peter Collins
15%
1956-1958 Italie 1 Luigi Musso
13%
1951-1955 Italie 1 Piero Taruffi
11%
1966-1967 Italie 1 Ludovico Scarfiotti
10%
Aucun quiz correspondant
Distribution des résultats
% des personnes avec chaque résultat
Percentile par nombre de réponses
Votre historique - résultats
Vous n’avez pas pris ce quiz